| 000 | 00000nam 22000008a 4500 |
| 001 | 9.840100 |
| 003 | CaOODSP |
| 005 | 20221107151748 |
| 007 | cr ||||||||||| |
| 008 | 170913s1964 onc o f000 0 eng d |
| 040 | |aCaOODSP|beng |
| 043 | |an-cn-- |
| 086 | 1 |aR5-326/1964E-PDF |
| 245 | 00|aIndians of Yukon and Northwest Territories |h[electronic resource]. |
| 260 | |aOttawa : |bDepartment of Citizenship and Immigration, Indian Affairs Branch, |c1964. |
| 300 | |a28 p. |
| 500 | |a"November, 1964." |
| 500 | |aDigitized edition from print [produced by Indigenous and Northern Affairs Canada]. |
| 504 | |aIncludes bibliographical references. |
| 520 | |aA brief historical overview of Indigenous people in Yukon and Northwest Territories. |
| 692 | 07|2gccst|aInuit |
| 692 | 07|2gccst|aAboriginal peoples |
| 710 | 1 |aCanada. |bIndigenous and Northern Affairs Canada. |
| 710 | 1 |aCanada. |bCitizenship and Immigration Canada. |
| 710 | 1 |aCanada. |bIndian Affairs Branch. |
| 794 | |tIndians of Yukon and Northwest Territories |w(CaOODSP)9.840102 |
| 856 | 40|qPDF|s3.41 MB|uhttps://publications.gc.ca/collections/collection_2017/aanc-inac/R5-326-1964-eng.pdf |